[Event "HUN-ch U8-U18 2019"]
[Site "Balatonlelle"]
[Date "2019.06.26"]
[Round "8.1"]
[White "Markus, Molli Amina"]
[Black "Suli, Henrietta"]
[Result "1-0"]
[WhiteElo "1755"]
[BlackElo "1107"]
[Annotator "NA RC"]
[PlyCount "81"]
[EventDate "2019.06.21"]
[EventType "swiss"]
[EventCountry "HUN"]
[SourceTitle "playchess.com"]
[Source "ChessBase"]
[SourceQuality "1"]
[TimeControl "40/5400+30:1800+30"]

1. c4 {[%emt 0:00:05]} c5 {[%emt 0:00:07]} 2. Nc3 {[%emt 0:00:19]} Nc6 {[%emt 0:00:05]} 3. g3 {[%emt 0:00:26]} g6 {[%emt 0:00:20]} 4. Bg2 {[%emt 0:00:15]} Bg7 {[%emt 0:00:08]} 5. Nf3 {[%emt 0:00:25]} e5 {[%emt 0:00:36]} 6. d3 {[%emt 0:00:27]} Nge7 {[%emt 0:03:08]} 7. O-O {[%emt 0:01:16]} O-O {[%emt 0:02:57]} 8. Bd2 {[%emt 0:03:03]} d6 {[%emt 0:06:20]} 9. Qc1 {[%emt 0:02:18]} Be6 {[%emt 0:06:20]} 10. Bh6 {[%emt 0:01:43]} Bxh6 {[%emt 0:02:37]} 11. Qxh6 {[%emt 0:00:08]} Nf5 {[%emt 0:00:12]} 12. Qd2 {[%emt 0:00:49]} d5 {[%emt 0:16:50]} 13. cxd5 {[%emt 0:00:21]} Bxd5 {[%emt 0:00:11]} 14. Nxd5 {[%emt 0:00:30]} Qxd5 {[%emt 0:00:16]} 15. e4 {[%emt 0:00:06]} Qe6 {[%emt 0:05:32]} 16. exf5 {[%emt 0:00:07]} Qxf5 {[%emt 0:00:26]} 17. Qc3 {[%emt 0:00:36]} Nb4 {[%emt 0:12:59]} 18. Qxc5 {[%emt 0:01:46]} Nxd3 {[%emt 0:00:47]} 19. Qb5 {[%emt 0:00:17]} a6 {[%emt 0:01:39]} 20. Qb3 {[%emt 0:00:40]} Nc5 {[%emt 0:03:30]} 21. Qe3 {[%emt 0:01:31]} e4 {[%emt 0:02:52]} 22. Nd2 {[%emt 0:02:57]} Rfe8 {[%emt 0:01:42]} 23. Nc4 {[%emt 0:01:55]} Rad8 {[%emt 0:03:52]} 24. Rad1 {[%emt 0:00:50]} Nd3 {[%emt 0:01:04]} 25. b3 {[%emt 0:01:41]} h5 {[%emt 0:03:12]} 26. h4 {[%emt 0:02:26]} f6 {[%emt 0:02:04]} 27. Qe2 {[%emt 0:01:15]} b5 {[%emt 0:03:13]} 28. Ne3 {[%emt 0:01:35]} Qe5 {[%emt 0:02:01]} 29. f4 {[%emt 0:19:50]} exf3 {[%emt 0:03:47]} 30. Rxf3 {[%emt 0:00:06]} f5 {[%emt 0:01:43]} 31. Rxd3 {[%emt 0:00:44]} Qa1+ {[%emt 0:04:04]} 32. Kh2 {[%emt 0:01:05]} Rc8 {[%emt 0:02:04]} 33. Qd2 {[%emt 0:00:52]} Rc1 {[%emt 0:01:15]} 34. Rd6 {[%emt 0:01:25]} Rec8 {[%emt 0:01:51]} 35. Rxg6+ {[%emt 0:00:48]} Kh7 {[%emt 0:00:17]} 36. Qd6 {[%emt 0:01:29]} Rb1 {[%emt 0:02:50]} 37. Rh6+ {[%emt 0:00:26]} Kg8 {[%emt 0:00:29]} 38. Qe6+ {[%emt 0:00:10]} Kg7 {[%emt 0:00:28]} 39. Nxf5+ {[%emt 0:00:11]} Kf8 {[%emt 0:00:31]} 40. Nd4+ {[%emt 0:00:00]} Kg7 {[%emt 0:00:00]} 41. Qg6# {[%emt 0:00:30]} 1-0

[Event "HUN-ch U8-U18 2019"]
[Site "Balatonlelle"]
[Date "2019.06.27"]
[Round "8.2"]
[White "Juhasz, Judit"]
[Black "Toth, Kincso"]
[Result "1-0"]
[WhiteElo "1963"]
[BlackElo "1494"]
[Annotator "NA RC"]
[PlyCount "79"]
[EventDate "2019.06.21"]
[EventType "swiss"]
[EventCountry "HUN"]
[SourceTitle "playchess.com"]
[Source "ChessBase"]
[SourceQuality "1"]
[TimeControl "40/5400+30:1800+30"]

1. e4 {[%emt 0:00:03]} c5 {[%emt 0:00:07]} 2. Nf3 {[%emt 0:00:06]} Nc6 {[%emt 0:00:13]} 3. d4 {[%emt 0:00:09]} cxd4 {[%emt 0:00:16]} 4. Nxd4 {[%emt 0:00:07]} Nf6 {[%emt 0:00:25]} 5. Nc3 {[%emt 0:00:11]} e5 {[%emt 0:00:40]} 6. Ndb5 {[%emt 0:00:12]} d6 {[%emt 0:00:41]} 7. Bg5 {[%emt 0:00:17]} a6 {[%emt 0:00:44]} 8. Na3 {[%emt 0:00:10]} b5 {[%emt 0:01:02]} 9. Nd5 {[%emt 0:00:19]} Be7 {[%emt 0:00:48]} 10. Bxf6 {[%emt 0:00:16]} Bxf6 {[%emt 0:00:15]} 11. c3 {[%emt 0:00:18]} Ne7 {[%emt 0:01:28]} 12. Nc2 {[%emt 0:02:08]} Bb7 {[%emt 0:02:15]} 13. Ncb4 {[%emt 0:00:37]} Nc6 {[%emt 0:07:27]} 14. a4 {[%emt 0:09:18]} Nxb4 {[%emt 0:10:58]} 15. Nxb4 {[%emt 0:03:30]} O-O {[%emt 0:06:26]} 16. Nd5 {[%emt 0:02:00]} bxa4 {[%emt 0:04:57]} 17. Rxa4 {[%emt 0:01:14]} a5 {[%emt 0:03:58]} 18. Bc4 {[%emt 0:01:22]} Bg5 {[%emt 0:04:51]} 19. h4 {[%emt 0:07:14]} Be7 {[%emt 0:05:36]} 20. g3 {[%emt 0:03:01]} Kh8 {[%emt 0:03:37]} 21. O-O {[%emt 0:04:17]} f5 {[%emt 0:02:05]} 22. exf5 {[%emt 0:01:27]} Rxf5 {[%emt 0:01:30]} 23. Bd3 {[%emt 0:01:39]} Rf7 {[%emt 0:04:42]} 24. Qh5 {[%emt 0:07:40]} Qg8 {[%emt 0:02:42]} 25. Bxh7 {[%emt 0:02:19]} Qxh7 {[%emt 0:02:28]} 26. Qxf7 {[%emt 0:00:12]} Bxd5 {[%emt 0:03:01]} 27. Qxd5 {[%emt 0:00:09]} Rb8 {[%emt 0:00:27]} 28. Rxa5 {[%emt 0:00:50]} Qg6 {[%emt 0:01:06]} 29. Ra8 {[%emt 0:00:56]} Rxa8 {[%emt 0:01:05]} 30. Qxa8+ {[%emt 0:00:06]} Kh7 {[%emt 0:00:05]} 31. Re1 {[%emt 0:01:13]} Qe6 {[%emt 0:02:35]} 32. Qe4+ {[%emt 0:00:48]} Kg8 {[%emt 0:00:52]} 33. b4 {[%emt 0:00:47]} Bf6 {[%emt 0:01:56]} 34. Rd1 {[%emt 0:01:16]} Be7 {[%emt 0:01:23]} 35. Qd5 {[%emt 0:00:10]} Kf7 {[%emt 0:00:20]} 36. c4 {[%emt 0:00:36]} Kf6 {[%emt 0:00:51]} 37. b5 {[%emt 0:00:38]} Qc8 {[%emt 0:00:49]} 38. b6 {[%emt 0:00:15]} Qb8 {[%emt 0:00:23]} 39. b7 {[%emt 0:00:09]} Qc7 {[%emt 0:00:53]} 40. Ra1 {[%emt 0:00:00]} 1-0

[Event "HUN-ch U8-U18 2019"]
[Site "Balatonlelle"]
[Date "2019.06.26"]
[Round "8.2"]
[White "Karacsonyi, Luca"]
[Black "Kiraly, Lilla Virag"]
[Result "0-1"]
[WhiteElo "1470"]
[BlackElo "1557"]
[Annotator "NA RC"]
[PlyCount "138"]
[EventDate "2019.06.21"]
[EventType "swiss"]
[EventCountry "HUN"]
[SourceTitle "playchess.com"]
[Source "ChessBase"]
[SourceQuality "1"]
[TimeControl "40/5400+30:1800+30"]

1. e4 {[%emt 0:00:03]} c6 {[%emt 0:00:10]} 2. d4 {[%emt 0:00:06]} d5 {[%emt 0:00:08]} 3. Nc3 {[%emt 0:00:10]} dxe4 {[%emt 0:00:14]} 4. Nxe4 {[%emt 0:00:06]} Bf5 {[%emt 0:00:18]} 5. Ng3 {[%emt 0:00:14]} Bg6 {[%emt 0:00:11]} 6. h4 {[%emt 0:00:09]} h6 {[%emt 0:00:11]} 7. Nf3 {[%emt 0:00:18]} Nd7 {[%emt 0:00:27]} 8. h5 {[%emt 0:00:23]} Bh7 {[%emt 0:00:16]} 9. Bd3 {[%emt 0:00:08]} Bxd3 {[%emt 0:00:53]} 10. Qxd3 {[%emt 0:00:07]} e6 {[%emt 0:00:39]} 11. Bd2 {[%emt 0:00:12]} Ngf6 {[%emt 0:00:26]} 12. c4 {[%emt 0:00:51]} Bd6 {[%emt 0:01:34]} 13. Ne4 {[%emt 0:02:42]} Be7 {[%emt 0:01:35]} 14. Bc3 {[%emt 0:14:25]} Qc7 {[%emt 0:10:37]} 15. Bd2 {[%emt 0:10:28]} a6 {[%emt 0:10:25]} 16. g3 {[%emt 0:03:52]} Rd8 {[%emt 0:25:19]} 17. Qe2 {[%emt 0:06:07]} Nxe4 {[%emt 0:00:31]} 18. Qxe4 {[%emt 0:03:50]} Nf6 {[%emt 0:03:50]} 19. Qe2 {[%emt 0:01:52]} Qb6 {[%emt 0:12:06]} 20. Bc3 {[%emt 0:08:48]} O-O {[%emt 0:04:44]} 21. Qe5 {[%emt 0:07:23]} Bb4 {[%emt 0:11:16]} 22. Qe3 {[%emt 0:00:53]} Ng4 23. Qd2 {[%emt 0:00:23]} Bxc3 {[%emt 0:01:20]} 24. Qxc3 Rd7 25. c5 {[%emt 0:06:31]} Qc7 {[%emt 0:02:07]} 26. Rh4 {[%emt 0:14:35]} Nf6 {[%emt 0:02:30]} 27. Ne5 {[%emt 0:00:56]} Rd5 {[%emt 0:02:53]} 28. g4 {[%emt 0:06:36]} Rfd8 {[%emt 0:00:47]} 29. O-O-O {[%emt 0:00:44]} Ne4 {[%emt 0:01:31]} 30. Qe3 {[%emt 0:01:05]} Nxc5 {[%emt 0:02:03]} 31. g5 {[%emt 0:04:09]} hxg5 {[%emt 0:04:29]} 32. Qxg5 {[%emt 0:00:29]} f6 {[%emt 0:00:37]} 33. h6 {[%emt 0:01:31]} fxe5 {[%emt 0:00:45]} 34. hxg7 {[%emt 0:00:33]} Qxg7 {[%emt 0:00:49]} 35. Qxg7+ {[%emt 0:00:37]} Kxg7 {[%emt 0:00:12]} 36. Rg1+ {[%emt 0:00:07]} Kf6 {[%emt 0:00:24]} 37. Rh6+ {[%emt 0:02:08]} Ke7 {[%emt 0:00:31]} 38. Rh7+ {[%emt 0:00:23]} Kd6 {[%emt 0:00:17]} 39. dxc5+ {[%emt 0:00:24]} Rxc5+ {[%emt 0:00:12]} 40. Kb1 {[%emt 0:00:00]} Rd7 {[%emt 0:00:00]} 41. Rh6 {[%emt 0:00:41]} Rf7 {[%emt 0:01:15]} 42. Rg2 {[%emt 0:00:48]} e4 {[%emt 0:01:58]} 43. a3 {[%emt 0:01:45]} Rcf5 {[%emt 0:02:55]} 44. Rgg6 {[%emt 0:01:49]} Re7 {[%emt 0:00:54]} 45. Rg2 {[%emt 0:01:16]} Kd5 {[%emt 0:00:43]} 46. Kc2 {[%emt 0:00:16]} Ref7 {[%emt 0:00:52]} 47. Rhh2 {[%emt 0:00:17]} Rf3 {[%emt 0:00:32]} 48. Kd2 {[%emt 0:01:23]} Kd4 {[%emt 0:00:26]} 49. Kc2 {[%emt 0:04:32]} Kc4 {[%emt 0:04:48]} 50. Kd2 {[%emt 0:01:36]} Kd4 {[%emt 0:02:01]} 51. Kc2 {[%emt 0:00:18]} e3 {[%emt 0:01:43]} 52. fxe3+ {[%emt 0:00:17]} Rxe3 {[%emt 0:00:14]} 53. Rd2+ {[%emt 0:01:06]} Kc5 {[%emt 0:00:56]} 54. b4+ {[%emt 0:01:48]} Kb5 {[%emt 0:00:10]} 55. Rh5+ {[%emt 0:00:49]} Kb6 {[%emt 0:01:02]} 56. a4 {[%emt 0:00:24]} e5 {[%emt 0:00:35]} 57. Kb2 {[%emt 0:01:41]} Rf4 {[%emt 0:01:16]} 58. b5 {[%emt 0:00:51]} axb5 {[%emt 0:00:27]} 59. axb5 {[%emt 0:00:06]} Rb4+ {[%emt 0:00:35]} 60. Kc2 {[%emt 0:00:20]} Rxb5 {[%emt 0:00:28]} 61. Rf2 {[%emt 0:00:35]} Ra3 {[%emt 0:02:26]} 62. Rf1 {[%emt 0:00:33]} e4 {[%emt 0:02:17]} 63. Rh4 {[%emt 0:00:38]} e3 {[%emt 0:00:20]} 64. Re4 {[%emt 0:00:37]} e2 {[%emt 0:02:45]} 65. Re1 {[%emt 0:00:38]} Ra2+ {[%emt 0:00:21]} 66. Kc3 {[%emt 0:00:14]} Rbb2 {[%emt 0:00:35]} 67. Kd3 {[%emt 0:00:27]} Rb3+ {[%emt 0:00:27]} 68. Kc4 {[%emt 0:00:21]} Ra4+ {[%emt 0:00:19]} 69. Kxb3 {[%emt 0:00:24]} Rxe4 {[%emt 0:00:10]} 0-1

[Event "HUN-ch U8-U18 2019"]
[Site "Balatonlelle"]
[Date "2019.06.27"]
[Round "8.3"]
[White "Koltai, Dora"]
[Black "Lukacs, Anna Kata"]
[Result "0-1"]
[WhiteElo "1773"]
[BlackElo "1915"]
[Annotator "NA RC"]
[PlyCount "110"]
[EventDate "2019.06.21"]
[EventType "swiss"]
[EventCountry "HUN"]
[SourceTitle "playchess.com"]
[Source "ChessBase"]
[SourceQuality "1"]
[TimeControl "40/5400+30:1800+30"]

1. e4 {[%emt 0:00:11]} e6 {[%emt 0:00:06]} 2. d4 {[%emt 0:00:07]} d5 {[%emt 0:00:05]} 3. exd5 {[%emt 0:00:06]} exd5 {[%emt 0:00:08]} 4. c4 {[%emt 0:00:30]} Nf6 {[%emt 0:03:23]} 5. Nc3 {[%emt 0:02:01]} c6 {[%emt 0:01:03]} 6. Nf3 {[%emt 0:06:07]} Bg4 {[%emt 0:03:57]} 7. c5 {[%emt 0:11:53]} Nbd7 {[%emt 0:03:30]} 8. Bd3 {[%emt 0:08:26]} Be7 {[%emt 0:02:45]} 9. O-O {[%emt 0:01:16]} O-O {[%emt 0:00:15]} 10. Re1 {[%emt 0:03:39]} Re8 {[%emt 0:02:07]} 11. h3 {[%emt 0:07:05]} Bh5 {[%emt 0:00:22]} 12. Bf4 {[%emt 0:02:59]} b6 {[%emt 0:02:56]} 13. b4 {[%emt 0:04:05]} a5 {[%emt 0:02:23]} 14. b5 {[%emt 0:07:58]} Nb8 {[%emt 0:12:18]} 15. g4 {[%emt 0:13:24]} Bg6 {[%emt 0:01:40]} 16. bxc6 {[%emt 0:01:44]} Nxc6 {[%emt 0:01:41]} 17. Bb5 {[%emt 0:01:59]} Nb4 {[%emt 0:13:31]} 18. Bxe8 {[%emt 0:04:51]} Qxe8 {[%emt 0:01:15]} 19. Ne5 {[%emt 0:03:29]} Qd8 {[%emt 0:12:24]} 20. Nxg6 {[%emt 0:03:15]} hxg6 {[%emt 0:00:18]} 21. Qe2 {[%emt 0:05:50]} Bf8 {[%emt 0:00:47]} 22. a3 {[%emt 0:01:55]} Nc6 {[%emt 0:01:12]} 23. Bd6 {[%emt 0:02:11]} Nxd4 {[%emt 0:02:57]} 24. Qd3 {[%emt 0:01:52]} bxc5 {[%emt 0:00:14]} 25. Be5 {[%emt 0:01:38]} Nb3 {[%emt 0:02:48]} 26. Bxf6 {[%emt 0:01:26]} gxf6 {[%emt 0:01:05]} 27. Rab1 {[%emt 0:00:49]} c4 {[%emt 0:01:43]} 28. Qxd5 {[%emt 0:00:35]} Qxd5 {[%emt 0:00:23]} 29. Nxd5 {[%emt 0:00:02]} Nd2 {[%emt 0:00:12]} 30. Rbc1 {[%emt 0:02:45]} Nf3+ {[%emt 0:02:07]} 31. Kf1 {[%emt 0:00:09]} Nxe1 {[%emt 0:00:09]} 32. Kxe1 {[%emt 0:00:06]} Rc8 {[%emt 0:00:16]} 33. Nb6 {[%emt 0:01:18]} Bxa3 {[%emt 0:00:36]} 34. Rxc4 {[%emt 0:00:42]} Rxc4 35. Nxc4 {[%emt 0:00:01]} Bb4+ {[%emt 0:00:33]} 36. Kd1 {[%emt 0:01:00]} Kf8 {[%emt 0:05:18]} 37. Nb2 {[%emt 0:00:31]} Ke7 {[%emt 0:00:24]} 38. Ke2 {[%emt 0:00:27]} Ke6 {[%emt 0:00:18]} 39. f4 {[%emt 0:00:32]} f5 {[%emt 0:00:38]} 40. g5 {[%emt 0:00:00]} Kd5 {[%emt 0:00:00]} 41. Kd3 {[%emt 0:01:33]} Be1 {[%emt 0:02:06]} 42. Kc2 {[%emt 0:11:18]} Ke4 {[%emt 0:01:07]} 43. Nd3 {[%emt 0:01:39]} Bg3 {[%emt 0:00:55]} 44. Ne5 {[%emt 0:00:24]} Kxf4 {[%emt 0:00:33]} 45. Nxf7 {[%emt 0:00:18]} Bh4 {[%emt 0:00:16]} 46. Kb3 {[%emt 0:00:19]} Bxg5 {[%emt 0:00:48]} 47. Ka4 {[%emt 0:02:57]} Bf6 {[%emt 0:00:28]} 48. Kxa5 {[%emt 0:00:33]} Kg3 {[%emt 0:00:16]} 49. Kb5 {[%emt 0:00:23]} Kxh3 {[%emt 0:00:09]} 50. Kc4 {[%emt 0:00:17]} Kg2 {[%emt 0:01:03]} 51. Kd3 {[%emt 0:00:31]} f4 {[%emt 0:00:20]} 52. Nd6 {[%emt 0:00:50]} f3 {[%emt 0:00:59]} 53. Ne4 {[%emt 0:00:21]} f2 {[%emt 0:00:36]} 54. Nxf2 {[%emt 0:00:21]} Kxf2 {[%emt 0:00:05]} 55. Ke4 {[%emt 0:00:04]} Kg3 {[%emt 0:00:07]} 0-1

[Event "HUN-ch U8-U18 2019"]
[Site "Balatonlelle"]
[Date "2019.06.26"]
[Round "8.3"]
[White "Kovacs, Veronika"]
[Black "Nandin-Erdene, Davaademberel"]
[Result "1-0"]
[WhiteElo "1162"]
[BlackElo "1581"]
[Annotator "NA RC"]
[PlyCount "111"]
[EventDate "2019.06.21"]
[EventType "swiss"]
[EventCountry "HUN"]
[SourceTitle "playchess.com"]
[Source "ChessBase"]
[SourceQuality "1"]
[TimeControl "40/5400+30:1800+30"]

1. d4 {[%emt 0:00:02]} f5 {[%emt 0:00:47]} 2. Nc3 {[%emt 0:00:18]} Nf6 {[%emt 0:00:17]} 3. Bg5 {[%emt 0:00:32]} g6 {[%emt 0:00:28]} 4. e3 {[%emt 0:03:37]} Bg7 {[%emt 0:00:09]} 5. Bc4 {[%emt 0:01:46]} h6 {[%emt 0:10:41]} 6. Bxf6 {[%emt 0:01:27]} Bxf6 {[%emt 0:01:09]} 7. Nge2 {[%emt 0:03:32]} d6 {[%emt 0:01:15]} 8. Nf4 {[%emt 0:02:44]} g5 {[%emt 0:03:37]} 9. Qh5+ {[%emt 0:03:27]} Kd7 {[%emt 0:01:09]} 10. Be6+ {[%emt 0:04:56]} Kc6 {[%emt 0:00:49]} 11. Qf3+ {[%emt 0:03:20]} d5 {[%emt 0:11:22]} 12. Bxd5+ {[%emt 0:03:04]} Kb6 {[%emt 0:01:17]} 13. Na4+ {[%emt 0:05:35]} Ka5 {[%emt 0:15:00]} 14. Qe2 {[%emt 0:20:12]} Qd7 {[%emt 0:22:41]} 15. Nc5 {[%emt 0:03:47]} Qb5 {[%emt 0:01:36]} 16. Nxb7+ {[%emt 0:05:16]} Bxb7 {[%emt 0:06:19]} 17. Qxb5+ {[%emt 0:00:55]} Kxb5 {[%emt 0:00:06]} 18. Bxb7 {[%emt 0:00:29]} gxf4 {[%emt 0:00:14]} 19. Bxa8 {[%emt 0:00:32]} fxe3 {[%emt 0:01:59]} 20. fxe3 {[%emt 0:00:31]} c6 {[%emt 0:00:18]} 21. d5 {[%emt 0:00:36]} cxd5 {[%emt 0:00:18]} 22. Bxd5 {[%emt 0:00:16]} Kc5 {[%emt 0:01:47]} 23. O-O-O {[%emt 0:02:47]} Bg5 {[%emt 0:02:15]} 24. Rhe1 {[%emt 0:01:23]} Na6 {[%emt 0:00:27]} 25. Be6 {[%emt 0:01:34]} f4 {[%emt 0:01:36]} 26. exf4 {[%emt 0:06:47]} Bxf4+ {[%emt 0:00:08]} 27. Kb1 {[%emt 0:00:17]} Bxh2 {[%emt 0:00:19]} 28. c3 {[%emt 0:02:12]} Bd6 {[%emt 0:01:38]} 29. Rh1 {[%emt 0:03:05]} Nc7 {[%emt 0:01:15]} 30. Rh5+ {[%emt 0:01:34]} Kb6 {[%emt 0:03:07]} 31. Re1 {[%emt 0:04:04]} Bf4 {[%emt 0:00:50]} 32. Rf5 {[%emt 0:03:09]} Bg5 {[%emt 0:00:34]} 33. Bb3 {[%emt 0:02:25]} Rc8 {[%emt 0:02:13]} 34. c4 {[%emt 0:02:28]} Kc6 {[%emt 0:03:54]} 35. Ba4+ {[%emt 0:01:14]} Kb6 {[%emt 0:01:27]} 36. b4 {[%emt 0:00:55]} Bd2 {[%emt 0:01:27]} 37. Rxe7 {[%emt 0:01:02]} Bxb4 {[%emt 0:00:12]} 38. Rg7 {[%emt 0:00:54]} Bd2 {[%emt 0:03:28]} 39. Rg6+ {[%emt 0:00:36]} Kb7 {[%emt 0:00:15]} 40. Bc6+ {[%emt 0:00:00]} Kb8 {[%emt 0:00:00]} 41. Rg7 {[%emt 0:03:49]} a6 {[%emt 0:09:48]} 42. Rf2 {[%emt 0:01:37]} Bc3 {[%emt 0:00:44]} 43. Rh7 {[%emt 0:04:56]} Ka7 {[%emt 0:10:39]} 44. Rff7 {[%emt 0:04:08]} Be5 {[%emt 0:04:42]} 45. Rxh6 {[%emt 0:03:54]} Rb8+ {[%emt 0:02:31]} 46. Kc1 {[%emt 0:00:18]} Rb4 {[%emt 0:02:34]} 47. Bd5 {[%emt 0:02:43]} Kb8 {[%emt 0:01:35]} 48. Rhh7 {[%emt 0:02:16]} Ne8 {[%emt 0:02:29]} 49. Re7 {[%emt 0:01:09]} Nd6 {[%emt 0:00:16]} 50. Rxe5 {[%emt 0:00:37]} Ra4 {[%emt 0:00:41]} 51. Re6 {[%emt 0:00:31]} Nc8 {[%emt 0:00:31]} 52. Re8 {[%emt 0:00:18]} Rb4 {[%emt 0:00:30]} 53. Be6 {[%emt 0:00:32]} Rb7 {[%emt 0:00:30]} 54. Rxc8+ {[%emt 0:00:33]} Ka7 {[%emt 0:00:07]} 55. Rxb7+ {[%emt 0:00:15]} Kxb7 {[%emt 0:00:12]} 56. g4 {[%emt 0:00:07]} 1-0

[Event "HUN-ch U8-U18 2019"]
[Site "Balatonlelle"]
[Date "2019.06.27"]
[Round "8.4"]
[White "Karacsonyi, Gellert"]
[Black "Geher, Koppany"]
[Result "1/2-1/2"]
[WhiteElo "2304"]
[BlackElo "2089"]
[Annotator "TA"]
[PlyCount "19"]
[EventDate "2019.06.21"]
[EventType "swiss"]
[EventCountry "HUN"]
[SourceTitle "playchess.com"]
[Source "ChessBase"]
[SourceQuality "1"]

{[%evp 9,19,51,42,10,23,33,23,0,16,-9,0,-45]} 1. e4 c5 2. Nf3 Nc6 3. d4 cxd4 4. Nxd4 Qb6 5. Nb3 Nf6 6. Bd3 {B32: Sicilian: Löwenthal and Kalashnikov Variations} d5 7. exd5 Nxd5 8. O-O g6 9. c3 $146 ({Predecessor:} 9. Bc4 Nf6 10. Nc3 Bg7 11. Bf4 O-O 12. Nb5 Bg4 13. Qe1 Nd5 14. Bxd5 Qxb5 {½-½ (32) Nemeth,M (2451)-Markus,R (2673) Zalakaros 2017}) 9... Bg7 10. Qf3 1/2-1/2

[Event "HUN-ch U8-U18 2019"]
[Site "Balatonlelle"]
[Date "2019.06.26"]
[Round "8.4"]
[White "Beznicza, Mira"]
[Black "Gabor, Maria"]
[Result "1/2-1/2"]
[WhiteElo "1188"]
[BlackElo "1308"]
[Annotator "NA RC"]
[PlyCount "140"]
[EventDate "2019.06.21"]
[EventType "swiss"]
[EventCountry "HUN"]
[SourceTitle "playchess.com"]
[Source "ChessBase"]
[SourceQuality "1"]
[TimeControl "40/5400+30:1800+30"]

1. e4 {[%emt 0:00:04]} e5 {[%emt 0:00:05]} 2. Nf3 {[%emt 0:00:18]} Nc6 {[%emt 0:00:06]} 3. Bb5 {[%emt 0:00:27]} d6 {[%emt 0:00:08]} 4. d4 {[%emt 0:00:50]} a6 {[%emt 0:05:43]} 5. Ba4 {[%emt 0:09:07]} b5 {[%emt 0:01:02]} 6. Bb3 {[%emt 0:00:45]} Nxd4 {[%emt 0:00:17]} 7. Nxd4 {[%emt 0:01:06]} exd4 {[%emt 0:00:17]} 8. Bd5 {[%emt 0:11:06]} Rb8 {[%emt 0:02:10]} 9. Qxd4 {[%emt 0:01:37]} Nf6 {[%emt 0:04:25]} 10. O-O {[%emt 0:04:37]} Bd7 {[%emt 0:01:53]} 11. c3 {[%emt 0:03:58]} Be7 {[%emt 0:01:42]} 12. Bb3 {[%emt 0:08:47]} c5 {[%emt 0:02:13]} 13. Qe3 {[%emt 0:01:18]} O-O {[%emt 0:01:20]} 14. Bc2 {[%emt 0:02:05]} Re8 {[%emt 0:01:16]} 15. h3 {[%emt 0:02:59]} Bf8 16. Qf4 {[%emt 0:11:33]} Bc6 {[%emt 0:05:56]} 17. Nd2 {[%emt 0:03:16]} Nh5 {[%emt 0:04:47]} 18. Qg4 {[%emt 0:01:34]} Nf6 {[%emt 0:01:40]} 19. Qf4 {[%emt 0:01:27]} Qc7 {[%emt 0:02:54]} 20. b3 {[%emt 0:01:21]} Rbc8 {[%emt 0:02:54]} 21. Bb2 {[%emt 0:01:44]} d5 {[%emt 0:01:35]} 22. Qxc7 {[%emt 0:01:01]} Rxc7 {[%emt 0:02:47]} 23. exd5 {[%emt 0:02:07]} Nxd5 {[%emt 0:03:07]} 24. Rfe1 {[%emt 0:01:06]} Rce7 {[%emt 0:01:19]} 25. Rxe7 {[%emt 0:02:28]} Rxe7 {[%emt 0:00:26]} 26. Kf1 {[%emt 0:02:12]} Nf4 {[%emt 0:00:24]} 27. g3 {[%emt 0:04:51]} Nxh3 {[%emt 0:01:00]} 28. Re1 {[%emt 0:00:49]} Bg2+ {[%emt 0:00:31]} 29. Kxg2 {[%emt 0:00:09]} Rxe1 {[%emt 0:00:05]} 30. Kxh3 {[%emt 0:00:08]} Re2 {[%emt 0:00:10]} 31. Bc1 {[%emt 0:00:23]} Rxf2 {[%emt 0:01:11]} 32. Bd3 {[%emt 0:01:27]} Be7 {[%emt 0:01:41]} 33. c4 {[%emt 0:03:15]} b4 {[%emt 0:03:09]} 34. g4 {[%emt 0:05:37]} Bd6 {[%emt 0:00:36]} 35. g5 {[%emt 0:01:10]} Rh2+ {[%emt 0:01:40]} 36. Kg4 {[%emt 0:00:15]} Rg2+ {[%emt 0:01:22]} 37. Kf3 {[%emt 0:01:33]} Rg3+ {[%emt 0:01:49]} 38. Ke2 {[%emt 0:00:33]} Bf4 {[%emt 0:01:13]} 39. Nf1 {[%emt 0:00:55]} Rxd3 {[%emt 0:01:07]} 40. Bxf4 {[%emt 0:00:00]} Rc3 {[%emt 0:00:00]} 41. Bd6 {[%emt 0:01:38]} Rc2+ {[%emt 0:01:05]} 42. Nd2 {[%emt 0:00:42]} Rxa2 {[%emt 0:00:21]} 43. Bxc5 {[%emt 0:00:10]} a5 {[%emt 0:00:17]} 44. Bd4 {[%emt 0:01:20]} a4 {[%emt 0:01:52]} 45. bxa4 {[%emt 0:00:22]} Rxa4 {[%emt 0:00:22]} 46. c5 {[%emt 0:00:41]} Ra2 {[%emt 0:02:47]} 47. c6 {[%emt 0:00:28]} Rc2 {[%emt 0:00:07]} 48. c7 {[%emt 0:01:21]} Rxc7 49. Be3 {[%emt 0:00:25]} b3 {[%emt 0:00:43]} 50. Nxb3 {[%emt 0:00:27]} Rc3 {[%emt 0:00:08]} 51. Nd4 {[%emt 0:00:37]} Kf8 {[%emt 0:02:58]} 52. Kd2 {[%emt 0:01:52]} Rc8 {[%emt 0:00:35]} 53. Nb3 {[%emt 0:00:33]} Ke8 {[%emt 0:00:52]} 54. Nc5 {[%emt 0:01:00]} Ke7 {[%emt 0:01:05]} 55. Kd3 {[%emt 0:01:08]} f6 {[%emt 0:02:31]} 56. gxf6+ {[%emt 0:00:41]} Kxf6 {[%emt 0:00:40]} 57. Bd4+ {[%emt 0:01:21]} Kf5 {[%emt 0:00:26]} 58. Nb7 {[%emt 0:00:55]} Kg6 {[%emt 0:01:20]} 59. Nc5 {[%emt 0:02:16]} h5 {[%emt 0:03:13]} 60. Ke3 {[%emt 0:01:31]} Rd8 {[%emt 0:01:10]} 61. Ke4 {[%emt 0:01:45]} Rxd4+ {[%emt 0:02:23]} 62. Kxd4 {[%emt 0:00:09]} Kf5 {[%emt 0:00:12]} 63. Ke3 {[%emt 0:00:16]} g5 {[%emt 0:00:07]} 64. Ne4 {[%emt 0:00:52]} h4 {[%emt 0:00:34]} 65. Nxg5 {[%emt 0:00:38]} Kxg5 {[%emt 0:00:06]} 66. Kf3 {[%emt 0:00:06]} Kf5 {[%emt 0:00:04]} 67. Kg2 {[%emt 0:00:21]} Kg4 {[%emt 0:00:06]} 68. Kh2 {[%emt 0:00:08]} h3 {[%emt 0:00:09]} 69. Kg1 {[%emt 0:01:14]} Kg3 {[%emt 0:00:15]} 70. Kh1 {[%emt 0:00:12]} h2 {[%emt 0:00:07]} 1/2-1/2